[Event "Bayerische EM 2019 Allgemeine Gruppe"]
[Site "Rosenheim"]
[Date "2019.08.29"]
[Round "7.12"]
[White "Braun, Kristin"]
[Black "Monninger, Moritz"]
[Result "1/2-1/2"]
[WhiteElo "1923"]
[BlackElo "2058"]
[PlyCount "102"]
[EventDate "2019.??.??"]
[WhiteTeam "SC JAEKLECHEMIE"]
[BlackTeam "SK Herzogenaurach"]

1. e4 e6 2. d4 d5 3. exd5 exd5 4. Nf3 Bd6 5. c4 Nf6 6. Be2 O-O 7. O-O dxc4 8.
Bxc4 Bg4 9. Be3 Nbd7 10. Nc3 c6 11. h3 Bh5 12. Re1 Nb6 13. Be2 Nbd5 14. Bg5 Qa5
15. Ne5 Bxe2 16. Nxe2 Qc7 17. Nc3 h6 18. Bh4 Rfe8 19. Bg3 Rad8 20. Rc1 Qb8 21.
Qf3 Nxc3 22. bxc3 Re6 23. Re2 Rde8 24. Rce1 Qc8 25. Bh2 Qc7 26. Ng4 Nxg4 27.
Bxd6 Qxd6 28. Qxg4 Rxe2 29. Rxe2 Rxe2 30. Qxe2 Kf8 31. Kf1 Qa3 32. Qc4 Ke7 33.
Ke2 a5 34. Kd3 Qd6 35. Ke3 b5 36. Qd3 g6 37. Qe4+ Qe6 38. g4 Kd6 39. Qxe6+ Kxe6
40. Ke4 f6 41. h4 Kd6 42. h5 f5+ 43. gxf5 gxh5 44. Kf4 b4 45. cxb4 axb4 46. Kg3
Ke7 47. Kh4 Kf6 48. Kxh5 Kxf5 49. Kxh6 Kf6 50. Kh5 Kf5 51. Kh6 Kf6 1/2-1/2

[Event "Bayerische EM 2019 Allgemeine Gruppe"]
[Site "Rosenheim"]
[Date "2019.08.29"]
[Round "7.13"]
[White "Palmi, Herbert"]
[Black "Greiml, Emmeran"]
[Result "1/2-1/2"]
[WhiteElo "2056"]
[BlackElo "1904"]
[PlyCount "127"]
[EventDate "2019.??.??"]
[WhiteTeam "SC Bayerwald"]
[BlackTeam "SG Vogtareuth-Prutting"]

1. b4 a5 2. b5 a4 3. c4 d5 4. cxd5 Qxd5 5. Nc3 Qc5 6. a3 Be6 7. Bb2 Bb3 8. Qc1
Nf6 9. e3 e5 10. Nf3 Nbd7 11. d4 exd4 12. exd4 Qb6 13. Bd3 O-O-O 14. O-O h6 15.
Re1 Bd6 16. Bc2 Rhe8 17. Bxb3 axb3 18. Rxe8 Rxe8 19. Qd1 c5 20. Qxb3 cxd4 21.
Na4 Qa5 22. Bxd4 Re4 23. Nc3 Re6 24. h3 g5 25. Nd5 Ne4 26. Ne3 Ndc5 27. Qc2
Qxb5 28. Bxc5 Qxc5 29. Qb2 Kb8 30. Rb1 Re7 31. Qh8+ Ka7 32. Qd4 Nc3 33. Rb2 b6
34. Qxc5 Bxc5 35. Nf5 Rd7 36. Nxh6 Rd1+ 37. Kh2 Ne4 38. Nxf7 Bxf2 39. g4 Be3
40. Re2 Bf4+ 41. Kg2 Nc3 42. Re7+ Ka6 43. N7xg5 Ra1 44. h4 Nd5 45. Re1 Ra2+ 46.
Kh3 Rxa3 47. Rf1 Re3 48. Rf2 b5 49. Kg2 b4 50. Nh3 b3 51. Nxf4 Nxf4+ 52. Kg3
Nd3 53. Rd2 b2 54. Rxb2 Nxb2 55. Kf4 Re2 56. Ne5 Kb6 57. h5 Kc5 58. Kf5 Kd5 59.
Nf7 Rf2+ 60. Kg6 Nd3 61. h6 Nf4+ 62. Kg7 Rh2 63. g5 Ne6+ 64. Kf6 1/2-1/2

[Event "Bayerische EM 2019 Allgemeine Gruppe"]
[Site "Rosenheim"]
[Date "2019.08.29"]
[Round "7.14"]
[White "Hanisch, Sebastian"]
[Black "Bensch, Patrick"]
[Result "0-1"]
[WhiteElo "2116"]
[BlackElo "2197"]
[PlyCount "74"]
[EventDate "2019.??.??"]
[WhiteTeam "SC Kempten"]
[BlackTeam "SC Rottal-Inn"]

1. d4 Nf6 2. Bf4 g6 3. Nc3 d5 4. e3 Bg7 5. h4 c6 6. Be2 h6 7. Nf3 Nbd7 8. Ne5
Nxe5 9. Bxe5 h5 10. O-O O-O 11. Bd3 Ng4 12. Bxg7 Kxg7 13. Qe1 Qd6 14. g3 e5 15.
f3 exd4 16. fxg4 dxc3 17. gxh5 cxb2 18. Rb1 Bh3 19. Qc3+ f6 20. Rf4 gxh5 21.
Rxb2 b6 22. Kh2 Bg4 23. a4 Rae8 24. e4 dxe4 25. Bxe4 c5 26. a5 Rd8 27. Bd3 Rfe8
28. axb6 axb6 29. Ra2 Re7 30. Ra6 Bc8 31. Ra8 Qc6 32. Rb8 Qe6 33. Rf2 Rd4 34.
Bf5 Qe5 35. Qf3 Qxb8 36. Bxc8 Qe5 37. Kg2 Qe4 0-1

[Event "Bayerische EM 2019 Allgemeine Gruppe"]
[Site "Rosenheim"]
[Date "2019.08.30"]
[Round "8.1"]
[White "Hess, Max"]
[Black "Englert, Fabian"]
[Result "1/2-1/2"]
[WhiteElo "2343"]
[BlackElo "2422"]
[PlyCount "40"]
[EventDate "2019.??.??"]
[WhiteTeam "SC Garching"]
[BlackTeam "SK Klingenberg"]

1. e4 e6 2. d4 d5 3. Nc3 Nf6 4. Bg5 dxe4 5. Nxe4 Be7 6. Bxf6 gxf6 7. Nf3 Nd7 8.
Bc4 f5 9. Ned2 Bf6 10. Qe2 Nb6 11. O-O-O Nxc4 12. Nxc4 Qe7 13. Na5 Qb4 14. Nb3
Bd7 15. Ne5 Bxe5 16. Qxe5 O-O-O 17. Rhe1 Bc6 18. g3 b6 19. Kb1 Kb8 20. Nc1 h5
1/2-1/2

[Event "Bayerische EM 2019 Allgemeine Gruppe"]
[Site "Rosenheim"]
[Date "2019.08.30"]
[Round "8.2"]
[White "Heimrath, Reiner"]
[Black "Schulz, Lukas"]
[Result "1-0"]
[WhiteElo "2165"]
[BlackElo "2314"]
[PlyCount "61"]
[EventDate "2019.??.??"]
[WhiteTeam "SC Noris-Tarrasch Nuernberg"]
[BlackTeam "SC Erlangen"]

1. e4 c5 2. Nf3 Nc6 3. Bb5 d6 4. O-O Bd7 5. Re1 Nf6 6. c3 a6 7. Bf1 g6 8. h3
Bg7 9. d4 O-O 10. e5 dxe5 11. dxe5 Ne8 12. Bd3 Nc7 13. Qe2 Ne6 14. Qe3 Qc7 15.
Nbd2 Rfd8 16. Nf1 b5 17. N1h2 c4 18. Bc2 Be8 19. Ng4 Rd7 20. Nh6+ Kf8 21. h4
Rad8 22. h5 Rd5 23. hxg6 hxg6 24. Ng4 Kg8 25. Be4 Rd1 26. Bc2 R1d5 27. Qe4 Kh7
28. Bg5 Nxe5 29. Ngxe5 Bxe5 30. Qh4+ Kg8 31. Bxe7 1-0

[Event "Bayerische EM 2019 Allgemeine Gruppe"]
[Site "Rosenheim"]
[Date "2019.08.30"]
[Round "8.3"]
[White "Miller, Eduard"]
[Black "Singer, Christoph"]
[Result "1/2-1/2"]
[WhiteElo "2401"]
[BlackElo "2327"]
[PlyCount "67"]
[EventDate "2019.??.??"]
[WhiteTeam "SC Erlangen"]
[BlackTeam "FC Bayern Muenchen"]

1. c4 e6 2. Nc3 d5 3. d4 Be7 4. cxd5 exd5 5. Nf3 Nf6 6. Bg5 c6 7. e3 Bf5 8. Bd3
Bxd3 9. Qxd3 Nbd7 10. h3 O-O 11. Bf4 Re8 12. O-O Nf8 13. Rab1 Ng6 14. Bh2 Bd6
15. b4 a6 16. Bxd6 Qxd6 17. Na4 Ne4 18. Nc5 Re7 19. a4 Rae8 20. b5 axb5 21.
axb5 f5 22. bxc6 bxc6 23. Qa6 f4 24. Nb7 Qf6 25. Rfc1 Ng5 26. Ne5 Nxe5 27. dxe5
Rxe5 28. Qxc6 Qxc6 29. Rxc6 fxe3 30. fxe3 Rxe3 31. Rd6 Re1+ 32. Rxe1 Rxe1+ 33.
Kh2 Rd1 34. Rd7 1/2-1/2

[Event "Bayerische EM 2019 Allgemeine Gruppe"]
[Site "Rosenheim"]
[Date "2019.08.30"]
[Round "8.4"]
[White "Ciolek, Andreas"]
[Black "Schelle, Artur"]
[Result "1-0"]
[WhiteElo "2314"]
[BlackElo "2176"]
[PlyCount "113"]
[EventDate "2019.??.??"]
[WhiteTeam "Muenchener SC"]
[BlackTeam "SK Tarrasch Muenchen"]

1. e4 d5 2. exd5 Qxd5 3. Nc3 Qd6 4. d4 Nf6 5. Nf3 c6 6. Ne5 Nbd7 7. Nc4 Qc7 8.
g3 Nb6 9. Nxb6 axb6 10. Bg2 Bg4 11. f3 Be6 12. O-O g6 13. Be3 Bg7 14. a4 O-O
15. Qe2 Nd5 16. Nxd5 cxd5 17. c3 Qd7 18. b3 Rac8 19. Rfc1 Rc6 20. Qd2 Bh3 21.
Bxh3 Qxh3 22. a5 Qd7 23. Qd3 Rd8 24. Qb5 bxa5 25. Rxa5 h5 26. Qb4 Bf8 27. Ra7
Qe6 28. Re1 b6 29. Bd2 Qf5 30. Qb5 Rf6 31. f4 h4 32. Qe2 Re6 33. Qf2 Rxe1+ 34.
Qxe1 h3 35. Ra1 Rd6 36. Qb1 Qd7 37. Qd3 Re6 38. Ra8 Re4 39. Kf2 Qf5 40. Qf1 Re6
41. Ra1 Qc2 42. Qd1 Qd3 43. Ra2 Bg7 44. Qf1 Qf5 45. Kf3 g5 46. g4 Qe4+ 47. Kg3
gxf4+ 48. Bxf4 Rf6 49. Rf2 Rg6 50. Qe2 Qb1 51. b4 f5 52. g5 Qg1+ 53. Kxh3 e5
54. dxe5 Rc6 55. Bd2 Rc4 56. Rf4 Bxe5 57. Qxe5 1-0

[Event "Bayerische EM 2019 Allgemeine Gruppe"]
[Site "Rosenheim"]
[Date "2019.08.30"]
[Round "8.5"]
[White "Pfadenhauer, Johannes"]
[Black "Hofstetter, Hans-Joachim"]
[Result "0-1"]
[WhiteElo "2167"]
[BlackElo "2207"]
[PlyCount "64"]
[EventDate "2019.??.??"]
[WhiteTeam "TSV Bindlach Aktionaer"]
[BlackTeam "SK Bad Neustadt"]

1. d4 Nf6 2. Nf3 g6 3. g3 Bg7 4. Bg2 O-O 5. O-O c6 6. a4 d5 7. c4 Bf5 8. Nc3
dxc4 9. Ne5 Be6 10. e4 Nfd7 11. Nf3 Bg4 12. Be3 e5 13. d5 Qa5 14. Qc2 Nc5 15.
Nd2 cxd5 16. Nxd5 Nb3 17. Nxb3 cxb3 18. Qxb3 Nc6 19. Qxb7 Nd4 20. b4 Qd8 21. f3
Be6 22. Rab1 a5 23. Bxd4 Bxd5 24. Qxd5 exd4 25. b5 Qe7 26. Rfc1 Rad8 27. Qc5
Qxc5 28. Rxc5 d3 29. Rd5 d2 30. Kf1 Rxd5 31. exd5 Re8 32. f4 Bc3 0-1

[Event "Bayerische EM 2019 Allgemeine Gruppe"]
[Site "Rosenheim"]
[Date "2019.08.30"]
[Round "8.6"]
[White "Haeussler, Phillip"]
[Black "Kleibel, Uwe"]
[Result "0-1"]
[WhiteElo "2192"]
[BlackElo "2217"]
[PlyCount "80"]
[EventDate "2019.??.??"]
[WhiteTeam "SG Pang-Rosenheim"]
[BlackTeam "SC Ortenburg"]

1. b3 e5 2. Bb2 Nc6 3. e3 d5 4. Bb5 Bd6 5. f4 f6 6. Nh3 g6 7. Qf3 e4 8. Qe2 a6
9. Bxc6+ bxc6 10. c4 Nh6 11. Nc3 Be6 12. cxd5 cxd5 13. O-O O-O 14. Nf2 Qe7 15.
Kh1 Ba3 16. Bxa3 Qxa3 17. Rfc1 Qd6 18. Rc2 Bd7 19. Rac1 Rac8 20. b4 Nf5 21. a4
Ne7 22. b5 a5 23. g4 f5 24. gxf5 gxf5 25. Nh3 Be8 26. Rg1+ Kh8 27. Qf2 c5 28.
bxc6 Rxc6 29. Nb5 Qh6 30. Rxc6 Bxc6 31. Ng5 Bxb5 32. axb5 a4 33. Rg3 Qf6 34.
Qf1 a3 35. Rg1 h6 36. Nh3 Rg8 37. b6 a2 38. b7 Rxg1+ 39. Nxg1 Nc6 40. Qa6 a1=Q
0-1

[Event "Bayerische EM 2019 Allgemeine Gruppe"]
[Site "Rosenheim"]
[Date "2019.08.30"]
[Round "8.7"]
[White "Grosshans, Ralf-Michael"]
[Black "Schmahl, Stephan"]
[Result "1-0"]
[WhiteElo "2051"]
[BlackElo "2101"]
[PlyCount "93"]
[EventDate "2019.??.??"]
[WhiteTeam "SC Bamberg"]
[BlackTeam "SC Bavaria Regensburg von 1881"]

1. e4 e6 2. d4 d5 3. e5 c5 4. c3 Nc6 5. Nf3 Bd7 6. a3 Nge7 7. b4 cxd4 8. cxd4
Nf5 9. Bb2 b5 10. Bxb5 Nxe5 11. Nxe5 Bxb5 12. Nc3 a6 13. Nxb5 axb5 14. Qd3 Qb6
15. Rc1 Bd6 16. Rc6 Qb7 17. Qc2 Bxe5 18. dxe5 O-O 19. O-O Rfc8 20. Rc1 Rxc6 21.
Qxc6 Qxc6 22. Rxc6 h5 23. Rc5 Rb8 24. Kf1 Kf8 25. Ke2 Ke8 26. Rc7 Ne7 27. Kd3
d4 28. g3 f6 29. f4 fxe5 30. fxe5 Nf5 31. h3 g6 32. Rh7 Rb6 33. g4 hxg4 34.
hxg4 Ne7 35. Bxd4 Ra6 36. Bb2 Rc6 37. Rh8+ Kd7 38. Rb8 Rc4 39. Rxb5 Rxg4 40.
Rb7+ Kd8 41. Rb6 Nd5 42. Rd6+ Ke7 43. b5 Rg2 44. Bd4 Rg3+ 45. Ke4 Rxa3 46. Bc5
Re3+ 47. Kd4 1-0

[Event "Bayerische EM 2019 Allgemeine Gruppe"]
[Site "Rosenheim"]
[Date "2019.08.30"]
[Round "8.8"]
[White "Schmid, Roland"]
[Black "Brunner, Tobias"]
[Result "1-0"]
[WhiteElo "2296"]
[BlackElo "1985"]
[PlyCount "59"]
[EventDate "2019.??.??"]
[WhiteTeam "Post Regensburg"]
[BlackTeam "SC Windischeschenbach"]

1. Nf3 Nf6 2. c4 d6 3. d4 g6 4. Nc3 Bg7 5. e4 O-O 6. h3 c5 7. d5 a6 8. a4 Nbd7
9. Be2 Ne8 10. O-O Nc7 11. Re1 Ne5 12. Nh2 f5 13. f4 Nf7 14. exf5 Bxf5 15. Nf3
e5 16. dxe6 Bxe6 17. Ne4 Bf5 18. Bd3 Qd7 19. Bd2 Rab8 20. Bc3 Bxe4 21. Bxe4
Rfe8 22. Bxg7 Kxg7 23. Qd2 Qd8 24. f5 Qf6 25. fxg6 hxg6 26. Rf1 Qe6 27. Qc3+
Kg8 28. Rae1 Ne5 29. Nxe5 dxe5 30. Qe3 1-0

[Event "Bayerische EM 2019 Allgemeine Gruppe"]
[Site "Rosenheim"]
[Date "2019.08.30"]
[Round "8.9"]
[White "Zepke, Armin"]
[Black "Liepold, Stefan"]
[Result "1/2-1/2"]
[WhiteElo "2122"]
[BlackElo "2166"]
[PlyCount "31"]
[EventDate "2019.??.??"]
[WhiteTeam "SC Bayerwald"]
[BlackTeam "SC Erlangen"]

1. d4 Nf6 2. Bf4 g6 3. Nc3 d5 4. e3 Bg7 5. h4 O-O 6. h5 Nc6 7. hxg6 fxg6 8. Nb5
Ne4 9. Bxc7 Qd7 10. Bf4 a6 11. Nc3 Nxd4 12. Nxe4 dxe4 13. Bc4+ e6 14. Bh6 b5
15. Bxg7 Kxg7 16. Bb3 1/2-1/2

[Event "Bayerische EM 2019 Allgemeine Gruppe"]
[Site "Rosenheim"]
[Date "2019.08.30"]
[Round "8.10"]
[White "Kaunzinger, Albert"]
[Black "Palmi, Herbert"]
[Result "0-1"]
[WhiteElo "2200"]
[BlackElo "2056"]
[PlyCount "53"]
[EventDate "2019.??.??"]
[WhiteTeam "SC Groebenzell"]
[BlackTeam "SC Bayerwald"]

1. b3 Nf6 2. Bb2 b5 3. e3 Bb7 4. Nf3 a6 5. d4 e6 6. Bd3 c5 7. O-O Nc6 8. a3 Be7
9. Nbd2 d5 10. dxc5 Bxc5 11. Qe2 O-O 12. Ng5 e5 13. c4 bxc4 14. bxc4 d4 15. f4
dxe3 16. fxe5 exd2+ 17. Kh1 Bd4 18. Rxf6 g6 19. Rb1 Nxe5 20. Bxd4 Qxd4 21. Bc2
Nxc4 22. Nxh7 Nxa3 23. Nxf8 Qxf6 24. Nd7 Qc6 25. Be4 Qc1+ 26. Qd1 Nxb1 27. Nf6+
0-1

[Event "Bayerische EM 2019 Allgemeine Gruppe"]
[Site "Rosenheim"]
[Date "2019.08.30"]
[Round "8.11"]
[White "Braun, Kristin"]
[Black "Hanisch, Sebastian"]
[Result "1-0"]
[WhiteElo "1923"]
[BlackElo "2116"]
[PlyCount "81"]
[EventDate "2019.??.??"]
[WhiteTeam "SC JAEKLECHEMIE"]
[BlackTeam "SC Kempten"]

1. d4 e6 2. Nf3 f5 3. c4 Nf6 4. Nc3 Bb4 5. Bd2 O-O 6. g3 b6 7. Bg2 Bb7 8. O-O
c5 9. dxc5 Bxc5 10. Qc2 Nc6 11. Rad1 Rc8 12. b3 Qe8 13. Bf4 d5 14. cxd5 Nb4 15.
Qb2 Nbxd5 16. Nxd5 Bxd5 17. Be5 Qh5 18. Nh4 Rf7 19. Bxf6 Bxg2 20. Kxg2 Rxf6 21.
Rd7 f4 22. b4 Bf8 23. Rxa7 Rc4 24. Nf3 Rxb4 25. Qe5 Qxe5 26. Nxe5 g5 27. Rd1
fxg3 28. hxg3 Re4 29. Nd7 Rf7 30. Rd2 Kg7 31. Rb7 Bb4 32. Rc2 Rd4 33. Rcc7 Bd6
34. Nc5 Rxc7 35. Nxe6+ Kf6 36. Nxc7 Bc5 37. Ne8+ Kg6 38. Rg7+ Kh6 39. Rf7 Re4
40. Rf6+ Kh5 41. Ng7+ 1-0

[Event "Bayerische EM 2019 Allgemeine Gruppe"]
[Site "Rosenheim"]
[Date "2019.08.30"]
[Round "8.12"]
[White "Monninger, Moritz"]
[Black "Beesk, Kevin"]
[Result "1-0"]
[WhiteElo "2058"]
[BlackElo "1969"]
[PlyCount "53"]
[EventDate "2019.??.??"]
[WhiteTeam "SK Herzogenaurach"]
[BlackTeam "SK Neumarkt"]

1. d4 Nf6 2. Bg5 d5 3. e3 c5 4. Bxf6 gxf6 5. Nc3 Nc6 6. Qh5 cxd4 7. exd4 e6 8.
Nf3 Bb4 9. Bd3 Bd7 10. O-O Qb6 11. Qh4 Be7 12. a3 a6 13. b4 Na7 14. Rfc1 Qc7
15. Nd1 Bb5 16. Bxb5+ Nxb5 17. c4 dxc4 18. Ne3 Nd6 19. d5 b5 20. dxe6 fxe6 21.
Qh5+ Nf7 22. a4 Rb8 23. axb5 axb5 24. Ra6 O-O 25. Rxe6 Ng5 26. Nxg5 fxg5 27.
Nd5 1-0

[Event "Bayerische EM 2019 Allgemeine Gruppe"]
[Site "Rosenheim"]
[Date "2019.08.30"]
[Round "8.13"]
[White "Greiml, Emmeran"]
[Black "Wilfert, Andre"]
[Result "0-1"]
[WhiteElo "1904"]
[BlackElo "2102"]
[PlyCount "50"]
[EventDate "2019.??.??"]
[WhiteTeam "SG Vogtareuth-Prutting"]
[BlackTeam "1.FC Marktleuthen"]

1. h4 d5 2. h5 e5 3. h6 Nxh6 4. d4 Nc6 5. Bxh6 gxh6 6. dxe5 Nxe5 7. e4 d4 8. c3
c5 9. Rh5 Bg7 10. f4 Nc6 11. Bb5 Qb6 12. Bxc6+ Qxc6 13. Qe2 Bd7 14. Nf3 Bg4 15.
Rd5 O-O 16. Qc2 Rfe8 17. Kf2 Rad8 18. Rxd8 Rxd8 19. cxd4 Qf6 20. Nc3 Qxf4 21.
Ne2 Bxd4+ 22. Ke1 Qe3 23. Nfxd4 cxd4 24. Qd2 Qxe4 25. Qxh6 Qxe2# 0-1

[Event "Bayerische EM 2019 Allgemeine Gruppe"]
[Site "Rosenheim"]
[Date "2019.08.30"]
[Round "8.14"]
[White "Salvermoser, Bernd"]
[Black "Bensch, Patrick"]
[Result "1/2-1/2"]
[WhiteElo "2208"]
[BlackElo "2197"]
[PlyCount "86"]
[EventDate "2019.??.??"]
[WhiteTeam "SK Penzberg"]
[BlackTeam "SC Rottal-Inn"]

1. d4 Nf6 2. c4 g6 3. Nc3 d5 4. cxd5 Nxd5 5. e4 Nxc3 6. bxc3 Bg7 7. Nf3 c5 8.
Bb5+ Nc6 9. Rb1 O-O 10. d5 a6 11. Be2 Ne5 12. Nxe5 Bxe5 13. Qd2 e6 14. f4 Bc7
15. O-O exd5 16. exd5 Ba5 17. f5 Bxf5 18. Rxb7 Qf6 19. Bb2 Rab8 20. Rxb8 Rxb8
21. g4 Qb6 22. gxf5 Qxb2 23. Qf4 Rf8 24. fxg6 hxg6 25. Bxa6 Bxc3 26. Bc4 Be5
27. Qh4 Bxh2+ 28. Qxh2 Qd4+ 29. Rf2 Qxc4 30. Qe5 Rd8 31. d6 Qg4+ 32. Kh2 Qh4+
33. Kg2 Qg4+ 34. Kh2 Qe6 35. Qxe6 fxe6 36. Rd2 e5 37. Rd5 e4 38. Rxc5 Rxd6 39.
Re5 Rd4 40. Kg3 Kf7 41. Kf4 Ra4 42. Rxe4 Rxa2 43. Rb4 Kf6 1/2-1/2

[Event "Bayerische EM 2019 Allgemeine Gruppe"]
[Site "Rosenheim"]
[Date "2019.08.31"]
[Round "9.2"]
[White "Englert, Fabian"]
[Black "Ciolek, Andreas"]
[Result "1-0"]
[WhiteElo "2422"]
[BlackElo "2314"]
[PlyCount "47"]
[EventDate "2019.??.??"]
[WhiteTeam "SK Klingenberg"]
[BlackTeam "Muenchener SC"]

1. d4 Nf6 2. c4 g6 3. Nc3 Bg7 4. e4 d6 5. f4 O-O 6. Nf3 c5 7. dxc5 Qa5 8. Bd3
Qxc5 9. Qe2 Nc6 10. Be3 Qa5 11. O-O Bg4 12. Rac1 Nd7 13. Qf2 Bxf3 14. gxf3 Nc5
15. Bb1 Ne6 16. f5 gxf5 17. exf5 Ned4 18. Rcd1 e5 19. fxe6 Nxe6 20. Rd5 Qd8 21.
Rh5 f5 22. Bxf5 Rxf5 23. Rxf5 Ncd4 24. Rd5 1-0

[Event "Bayerische EM 2019 Allgemeine Gruppe"]
[Site "Rosenheim"]
[Date "2019.08.31"]
[Round "9.3"]
[White "Schulz, Lukas"]
[Black "Hofstetter, Hans-Joachim"]
[Result "1-0"]
[WhiteElo "2314"]
[BlackElo "2207"]
[PlyCount "81"]
[EventDate "2019.??.??"]
[WhiteTeam "SC Erlangen"]
[BlackTeam "SK Bad Neustadt"]

1. e4 e5 2. f4 d5 3. exd5 exf4 4. Nf3 Nf6 5. Nc3 c6 6. d4 Bd6 7. Qe2+ Qe7 8.
Qxe7+ Kxe7 9. Bc4 Rd8 10. O-O cxd5 11. Nxd5+ Nxd5 12. Bxd5 h6 13. Bd2 Nc6 14.
Bb3 Bg4 15. c3 g5 16. g3 fxg3 17. hxg3 Be6 18. Bxe6 fxe6 19. Kg2 Rh8 20. Rae1
Kd7 21. Nh2 Raf8 22. Ng4 Rxf1 23. Rxf1 Be7 24. Nf6+ Bxf6 25. Rxf6 Ke7 26. Rf1
Rf8 27. Rxf8 Kxf8 28. Kf3 Kf7 29. Ke4 Kf6 30. c4 h5 31. d5 exd5+ 32. cxd5 Nd8
33. Bc3+ Kg6 34. Ke5 h4 35. gxh4 Nf7+ 36. Ke6 gxh4 37. Be1 h3 38. Bg3 Ng5+ 39.
Ke7 Ne4 40. Bh2 Kf5 41. d6 1-0

[Event "Bayerische EM 2019 Allgemeine Gruppe"]
[Site "Rosenheim"]
[Date "2019.08.31"]
[Round "9.4"]
[White "Heimrath, Reiner"]
[Black "Miller, Eduard"]
[Result "0-1"]
[WhiteElo "2165"]
[BlackElo "2401"]
[PlyCount "86"]
[EventDate "2019.??.??"]
[WhiteTeam "SC Noris-Tarrasch Nuernberg"]
[BlackTeam "SC Erlangen"]

1. e4 c5 2. Nc3 Nc6 3. Bb5 Nd4 4. Bc4 a6 5. a3 g6 6. d3 Bg7 7. Nge2 e6 8. O-O
Ne7 9. Ba2 O-O 10. Kh1 d5 11. f3 Kh8 12. Nf4 Nb5 13. Nb1 Nc7 14. c3 e5 15. Ne2
Be6 16. Bg5 f6 17. Bh4 Qd7 18. c4 d4 19. b4 a5 20. bxc5 Na6 21. Nd2 g5 22. Be1
a4 23. Bb1 Nxc5 24. Bc2 b5 25. Nc1 Rfb8 26. h4 Ng6 27. cxb5 gxh4 28. Ne2 Bh6
29. f4 Bxf4 30. Nxf4 Nxf4 31. Bxh4 Qg7 32. Rxf4 exf4 33. Qh5 Rxb5 34. Nf3 Rg8
35. Ne1 Bg4 36. Qd5 Qh6 37. g3 fxg3 38. Ng2 Bf3 39. Kg1 Bxg2 40. Bxg3 Qe3+ 41.
Bf2 Qh3 42. Bxd4 Bf3+ 43. Kf2 Rg2+ 0-1

[Event "Bayerische EM 2019 Allgemeine Gruppe"]
[Site "Rosenheim"]
[Date "2019.08.31"]
[Round "9.5"]
[White "Grosshans, Ralf-Michael"]
[Black "Schmid, Roland"]
[Result "0-1"]
[WhiteElo "2051"]
[BlackElo "2296"]
[PlyCount "78"]
[EventDate "2019.??.??"]
[WhiteTeam "SC Bamberg"]
[BlackTeam "Post Regensburg"]

1. e4 e6 2. d4 d5 3. e5 c5 4. c3 Qb6 5. Nf3 Nc6 6. a3 Nh6 7. b4 cxd4 8. cxd4
Nf5 9. Be3 f6 10. exf6 gxf6 11. Bd3 Nxe3 12. fxe3 Bh6 13. Qe2 O-O 14. Nc3 Ne7
15. Na4 Qd6 16. e4 dxe4 17. Qxe4 f5 18. Qh4 Bg7 19. Nb2 Nc6 20. Nc4 Qd8 21. Qg3
Nxd4 22. Rd1 Nxf3+ 23. gxf3 Qf6 24. Rg1 Kh8 25. f4 Qc3+ 26. Ke2 Bd7 27. Rc1 Qd4
28. Rgd1 Ba4 29. Rd2 Bh6 30. Rf1 Rg8 31. Qf2 Qxf2+ 32. Rxf2 Bg7 33. Ne5 Bxe5
34. fxe5 Rac8 35. Rf4 Rc3 36. Rc4 Rxa3 37. Rc7 Bc6 38. Rf7 Rd8 39. b5 Raxd3 0-1

[Event "Bayerische EM 2019 Allgemeine Gruppe"]
[Site "Rosenheim"]
[Date "2019.08.31"]
[Round "9.6"]
[White "Kleibel, Uwe"]
[Black "Salvermoser, Bernd"]
[Result "1/2-1/2"]
[WhiteElo "2217"]
[BlackElo "2208"]
[PlyCount "97"]
[EventDate "2019.??.??"]
[WhiteTeam "SC Ortenburg"]
[BlackTeam "SK Penzberg"]

1. e4 c5 2. Nf3 d6 3. d4 cxd4 4. Qxd4 Nc6 5. Qe3 e6 6. c4 Nf6 7. Nc3 Be7 8. Be2
a6 9. O-O Nd7 10. Rd1 h6 11. b3 g5 12. Ba3 g4 13. Ne1 Nde5 14. Bxd6 Bxd6 15. c5
Qg5 16. Qxg5 hxg5 17. Rxd6 Ke7 18. Rad1 Rd8 19. Rxd8 Nxd8 20. Nc2 Bd7 21. Ne3
Rc8 22. b4 a5 23. a3 axb4 24. axb4 b6 25. Nxg4 Nxg4 26. Bxg4 bxc5 27. b5 Nb7
28. e5 c4 29. g3 Nc5 30. Rd4 Nd3 31. f4 gxf4 32. gxf4 Rc5 33. Be2 Bxb5 34. Nxb5
Rxb5 35. Bxd3 cxd3 36. Rxd3 f6 37. exf6+ Kxf6 38. Kf2 Kf5 39. Kg3 Rb4 40. Rf3
Ra4 41. h4 Rb4 42. h5 Ra4 43. h6 Kg6 44. Re3 Ra6 45. Re5 Kxh6 46. Rg5 Ra3+ 47.
Kg4 Rb3 48. Rg8 Ra3 49. Rg5 1/2-1/2

[Event "Bayerische EM 2019 Allgemeine Gruppe"]
[Site "Rosenheim"]
[Date "2019.08.31"]
[Round "9.7"]
[White "Schelle, Artur"]
[Black "Haeussler, Phillip"]
[Result "1/2-1/2"]
[WhiteElo "2176"]
[BlackElo "2192"]
[PlyCount "84"]
[EventDate "2019.??.??"]
[WhiteTeam "SK Tarrasch Muenchen"]
[BlackTeam "SG Pang-Rosenheim"]

1. g3 d5 2. Bg2 c6 3. d3 Nf6 4. Nf3 g6 5. b3 Bg7 6. Bb2 O-O 7. O-O a5 8. a3
Nbd7 9. Ra2 Re8 10. Nbd2 e5 11. e3 e4 12. dxe4 Nxe4 13. Bxg7 Kxg7 14. Nxe4 dxe4
15. Qd4+ Qf6 16. Nd2 Qxd4 17. exd4 e3 18. fxe3 Rxe3 19. Nc4 Re2 20. Bf3 Re7 21.
Raa1 Nf6 22. Nb6 Rb8 23. Rfe1 Rxe1+ 24. Rxe1 Be6 25. c4 Rd8 26. Rd1 Nd7 27.
Nxd7 Rxd7 28. Kf2 Bf5 29. Rd2 h5 30. h4 Kf6 31. b4 axb4 32. axb4 Be6 33. c5 Bd5
34. Bxd5 Rxd5 35. Ke3 Ke6 36. Kd3 Rf5 37. Kc4 Rf3 38. Re2+ Kd7 39. Rg2 Ke6 40.
Re2+ Kd7 41. Rg2 Ke6 42. Re2+ Kd7 1/2-1/2

[Event "Bayerische EM 2019 Allgemeine Gruppe"]
[Site "Rosenheim"]
[Date "2019.08.31"]
[Round "9.9"]
[White "Schmahl, Stephan"]
[Black "Braun, Kristin"]
[Result "1-0"]
[WhiteElo "2101"]
[BlackElo "1923"]
[PlyCount "39"]
[EventDate "2019.??.??"]
[WhiteTeam "SC Bavaria Regensburg von 1881"]
[BlackTeam "SC JAEKLECHEMIE"]

1. d4 Nf6 2. c4 g6 3. Nf3 Bg7 4. g3 d6 5. Bg2 O-O 6. O-O Nbd7 7. Nc3 c5 8. e4
Rb8 9. e5 Ne8 10. exd6 Nxd6 11. dxc5 Nxc5 12. Be3 Qa5 13. b4 Qxb4 14. Nd5 Qxc4
15. Nxe7+ Kh8 16. Qxd6 Bxa1 17. Nxg6+ fxg6 18. Qxf8+ Qg8 19. Qxc5 Bg7 20. Qxa7
1-0

[Event "Bayerische EM 2019 Allgemeine Gruppe"]
[Site "Rosenheim"]
[Date "2019.08.31"]
[Round "9.10"]
[White "Liepold, Stefan"]
[Black "Monninger, Moritz"]
[Result "1-0"]
[WhiteElo "2166"]
[BlackElo "2058"]
[PlyCount "58"]
[EventDate "2019.??.??"]
[WhiteTeam "SC Erlangen"]
[BlackTeam "SK Herzogenaurach"]

1. e4 e6 2. d4 d5 3. Nc3 Nc6 4. Nf3 Nf6 5. Bd3 Nb4 6. e5 Nxd3+ 7. cxd3 Nd7 8.
O-O Be7 9. Qe2 b6 10. Bd2 Bb7 11. h4 c5 12. Bg5 a6 13. Bxe7 Qxe7 14. Qe3 O-O
15. h5 h6 16. Ne2 Rac8 17. g3 cxd4 18. Nfxd4 f6 19. f4 f5 20. Rac1 a5 21. Nb5
d4 22. Qxd4 Nc5 23. Nd6 Rcd8 24. Rc3 Rd7 25. Rfc1 Rfd8 26. Rxc5 bxc5 27. Qxc5
Rxd6 28. exd6 Rxd6 29. Rc4 Rd5 1-0

[Event "Bayerische EM 2019 Allgemeine Gruppe"]
[Site "Rosenheim"]
[Date "2019.08.31"]
[Round "9.12"]
[White "Hanisch, Sebastian"]
[Black "Beesk, Kevin"]
[Result "1-0"]
[WhiteElo "2116"]
[BlackElo "1969"]
[PlyCount "127"]
[EventDate "2019.??.??"]
[WhiteTeam "SC Kempten"]
[BlackTeam "SK Neumarkt"]

1. d4 Nf6 2. Bf4 c5 3. e3 b6 4. Nd2 Bb7 5. Ngf3 g6 6. c3 Bg7 7. Bd3 d6 8. O-O
Nbd7 9. h3 Qc7 10. e4 e5 11. Bh2 O-O 12. g4 h6 13. Rc1 Rac8 14. d5 Rce8 15. c4
Bc8 16. Kh1 Kh8 17. Rg1 Nb8 18. Rc3 a6 19. Be2 Bd7 20. a4 Qc8 21. b3 Nh7 22.
Qf1 Bf6 23. Qg2 Bg5 24. h4 Bxd2 25. Nxd2 g5 26. Rh3 Kg7 27. Nf1 f6 28. Ne3 Rh8
29. Bg3 Reg8 30. Qh2 Kf7 31. Nf5 Bxf5 32. exf5 Qf8 33. Kg2 Rg7 34. Rh1 Kg8 35.
f3 a5 36. Bf2 Nd7 37. Be3 Qe7 38. Bd3 Ndf8 39. hxg5 hxg5 40. Rh6 Qf7 41. Be4
Nd7 42. Rg6 Ndf8 43. Qh6 Qe7 44. Rh5 Nxg6 45. fxg6 Kf8 46. gxh7 Ke8 47. Bg6+
Kd7 48. Bxg5 fxg5 49. Rxg5 Rhxh7 50. Bxh7 Qxg5 51. Bf5+ Kc7 52. Qxg5 Rxg5 53.
Kg3 Kd8 54. Kh4 Rg8 55. Kh5 Rh8+ 56. Kg6 Rh3 57. Be4 Ke7 58. g5 Rg3 59. Kh6 Kf7
60. g6+ Kf6 61. Kh7 Rh3+ 62. Kg8 Rh4 63. g7 Ke7 64. Bh7 1-0